[Event "BPB Limburg open C"]
[Site "Maastricht"]
[Date "2014.06.08"]
[Round "5"]
[White "Slangen Knuit, Dien"]
[Black "Laureys, Jo"]
[Result "0-1"]
[WhiteElo "1073"]
[BlackElo "1264"]
[PlyCount "42"]
[EventDate "2014.06.06"]
[EventType "swiss"]
[EventRounds "7"]
[EventCountry "NED"]
[Source "P.Boonen"]
[SourceDate "2014.10.10"]

1. d4 d5 2. e3 Nf6 3. c4 c5 4. Nc3 e6 5. Nf3 b6 6. Be2 Bb7 7. O-O Bd6 8. b3 a6
9. Bb2 O-O 10. cxd5 exd5 11. a4 Nbd7 12. Ba3 Re8 13. Re1 Qc7 14. Bd3 Ng4 15. g3
Ngf6 16. Nh4 Nf8 17. Nf5 Rac8 18. Qf3 Ng6 19. Nxd6 Qxd6 20. Bxg6 hxg6 21. Kg2
Rc7 {.....} 0-1

[Event "BPB Limburg open C"]
[Site "Maastricht"]
[Date "2014.06.08"]
[Round "5"]
[White "Staudt, Sascha"]
[Black "Stiefel, Marika"]
[Result "1/2-1/2"]
[WhiteElo "1377"]
[BlackElo "1621"]
[PlyCount "34"]
[EventDate "2014.06.06"]
[EventType "swiss"]
[EventRounds "7"]
[EventCountry "NED"]
[Source "P.Boonen"]
[SourceDate "2014.10.10"]

1. d4 c5 2. c3 b6 3. Bf4 Nf6 4. Nd2 cxd4 5. cxd4 Nc6 6. e3 e6 7. Bb5 Bb7 8.
Ngf3 Be7 9. O-O Nh5 10. Bg3 Nxg3 11. fxg3 O-O 12. Rf2 a6 13. Bd3 Nb4 14. Nc4
Nxd3 15. Qxd3 d6 16. Rc1 Rc8 17. Rfc2 b5 1/2-1/2

[Event "BPB Limburg open C"]
[Site "Maastricht"]
[Date "2014.06.08"]
[Round "5"]
[White "Steenman, Tomas"]
[Black "Deider, Kevin"]
[Result "0-1"]
[WhiteElo "1334"]
[BlackElo "1057"]
[PlyCount "80"]
[EventDate "2014.06.06"]
[EventType "swiss"]
[EventRounds "7"]
[EventCountry "NED"]
[Source "P.Boonen"]
[SourceDate "2014.10.10"]

1. e4 Nf6 2. Nc3 d5 3. e5 Ne4 4. Nxe4 dxe4 5. d3 exd3 6. Bxd3 Nc6 7. Nf3 Bg4 8.
Bf4 Bxf3 9. Qxf3 Qd4 10. c3 Qc5 11. Qe4 O-O-O 12. O-O g6 13. Qc4 e6 14. Qxc5
Bxc5 15. Be4 h5 16. Bxc6 bxc6 17. Bg5 Rd5 18. b4 Bb6 19. c4 Rd4 20. c5 Rxb4 21.
cxb6 cxb6 22. f4 h4 23. Rad1 c5 24. Rd2 a5 25. Be7 h3 26. g3 Re8 27. Bh4 a4 28.
Rfd1 a3 29. Bd8 c4 30. Rd7 b5 31. Be7 Rb2 32. Ra7 Rxa2 33. Ra8+ Kb7 34. Rxe8
Rg2+ 35. Kh1 a2 36. Ba3 b4 37. Bxb4 Rb2 38. Bc3 Rb1 39. Rg1 Rb3 40. Rc1 Rxc3
0-1

[Event "BPB Limburg open C"]
[Site "Maastricht"]
[Date "2014.06.08"]
[Round "5"]
[White "Steinhart, Roel"]
[Black "Muntean, Victor"]
[Result "1-0"]
[WhiteElo "1564"]
[BlackElo "1138"]
[PlyCount "121"]
[EventDate "2014.06.06"]
[EventType "swiss"]
[EventRounds "7"]
[EventCountry "NED"]
[Source "P.Boonen"]
[SourceDate "2014.10.10"]

1. e4 e5 2. Bc4 Nf6 3. Qf3 Bc5 4. d3 d6 5. Bg5 Bg4 6. Qg3 h5 7. h4 Nc6 8. c3
Qe7 9. f3 Be6 10. Bb5 O-O 11. Ba4 Rfd8 12. Bd1 b5 13. Bh6 g6 14. Bg5 b4 15. f4
bxc3 16. bxc3 Rab8 17. fxe5 dxe5 18. Qf3 Kg7 19. Qg3 Rd7 20. Ba4 Rd6 21. Bxc6
Rxc6 22. Nf3 Bxa2 23. Nbd2 Qe6 24. Qxe5 Qxe5 25. Nxe5 Rcb6 26. Bxf6+ Rxf6 27.
Nd7 Bf2+ 28. Ke2 Rbb6 29. Rxa2 Bg3 30. Nf3 Rfd6 31. Nxb6 Rxb6 32. Rc1 a6 33.
Rcc2 Kh6 34. Rcb2 Rc6 35. c4 f6 36. Ra5 Bf4 37. Nd4 Rd6 38. Rd5 Rxd5 39. cxd5
Be5 40. Ke3 f5 41. exf5 gxf5 42. Nxf5+ Kg6 43. Ne7+ Kf7 44. Ra2 Kxe7 45. Rxa6
Bf6 46. Ra7 Kd7 47. g3 Be5 48. Kf3 Kd6 49. g4 hxg4+ 50. Kxg4 Kxd5 51. h5 Ke6
52. Kg5 Kf7 53. Ra6 Kg7 54. Re6 Bh2 55. h6+ Kg8 56. Re7 Bd6 57. Rd7 Kh8 58. Kg6
Bf8 59. Rd8 Kg8 60. h7+ Kh8 61. Rxf8# 1-0

[Event "BPB Limburg open C"]
[Site "Maastricht"]
[Date "2014.06.08"]
[Round "5"]
[White "Ulburghs, Piet"]
[Black "Koppens, Gertie"]
[Result "1-0"]
[WhiteElo "1683"]
[BlackElo "1265"]
[PlyCount "115"]
[EventDate "2014.06.06"]
[EventType "swiss"]
[EventRounds "7"]
[EventCountry "NED"]
[Source "P.Boonen"]
[SourceDate "2014.10.10"]

1. b3 e5 2. e3 d5 3. Bb2 Nc6 4. Bb5 Nge7 5. Bxe5 f6 6. Bb2 Bd7 7. Nf3 Nb8 8.
Be2 Ng6 9. Nd4 Bd6 10. c4 Ne7 11. Bh5+ g6 12. Bf3 c6 13. Nc3 dxc4 14. bxc4 O-O
15. O-O Bf5 16. Qb3 Qb6 17. c5+ Qxb3 18. Nxb3 Bc7 19. Be2 Be6 20. Ne4 Nd7 21.
d4 Bd5 22. Nc3 f5 23. f3 Nf6 24. g3 Rae8 25. Nxd5 Nexd5 26. Bc1 Nxe3 27. Rf2
Nfd5 28. Bxe3 Nxe3 29. Rb1 b5 30. cxb6 Bxb6 31. Rc1 Rf6 32. Bc4+ Nxc4 33. Rxc4
Rfe6 34. Rfc2 Re1+ 35. Kf2 Rd1 36. a4 Rd3 37. a5 Rxb3 38. axb6 Rxb6 39. Rxc6
Rxc6 40. Rxc6 Kf7 41. f4 Re4 42. Ra6 Re7 43. d5 Ke8 44. Kf3 Kd8 45. g4 Kc8 46.
gxf5 gxf5 47. Rf6 a5 48. Ra6 Rb7 49. Rxa5 Rb3+ 50. Kg2 Rb4 51. Kg3 Rb3+ 52. Kh4
Rb2 53. h3 Rb4 54. Kg5 Rb3 55. h4 Rg3+ 56. Kxf5 h5 57. Ke5 Rg4 58. d6 1-0

[Event "BPB Limburg open C"]
[Site "Maastricht"]
[Date "2014.06.08"]
[Round "5"]
[White "Van Dijk, Simon"]
[Black "Beusen, Frank"]
[Result "0-1"]
[WhiteElo "1347"]
[BlackElo "1433"]
[PlyCount "85"]
[EventDate "2014.06.06"]
[EventType "swiss"]
[EventRounds "7"]
[EventCountry "NED"]
[Source "P.Boonen"]
[SourceDate "2014.10.10"]

1. d4 d5 2. Bf4 Nf6 3. Nf3 Nc6 4. Nbd2 g6 5. h3 Bg7 6. c3 Nh5 7. Bh2 f5 8. e3
Nf6 9. Be2 O-O 10. O-O Nd7 11. Ng5 Nf6 12. b4 a6 13. a4 Bd7 14. a5 h6 15. Ngf3
Ne4 16. Qb3 e6 17. Rfc1 Ne7 18. c4 c6 19. Ra2 Kh7 20. Ne5 Be8 21. f3 Nxd2 22.
Rxd2 g5 23. f4 Bxe5 24. dxe5 gxf4 25. exf4 Rg8 26. Kh1 Bf7 27. Bg1 Qe8 28. Qe3
Rd8 29. Bf2 Bh5 30. Bh4 Rd7 31. Qc5 Bxe2 32. Rxe2 Ng6 33. Bg3 Nxe5 34. Rxe5
Rxg3 35. cxd5 Rxd5 36. Rxd5 exd5 37. Qf2 Qe3 38. Qf1 Qd4 39. Qe1 Rg7 40. Rc2
Qxf4 41. Rf2 Qg5 42. Qe5 Rf7 43. Qe8 0-1

[Event "BPB Limburg open C"]
[Site "Maastricht"]
[Date "2014.06.08"]
[Round "5"]
[White "Van Foreest, Pieter"]
[Black "Montforts, Ton"]
[Result "1/2-1/2"]
[WhiteElo "1657"]
[BlackElo "1650"]
[PlyCount "31"]
[EventDate "2014.06.06"]
[EventType "swiss"]
[EventRounds "7"]
[EventCountry "NED"]
[Source "P.Boonen"]
[SourceDate "2014.10.10"]

1. e4 d5 2. exd5 Nf6 3. d4 Nxd5 4. Nf3 Bf5 5. Bd2 e6 6. Nc3 Be7 7. Bc4 Nb6 8.
Bb3 Nc6 9. Be3 Na5 10. O-O Nxb3 11. axb3 O-O 12. Na4 Nd5 13. c4 Nb4 14. Rc1 Na2
15. Ra1 Nb4 16. Rc1 1/2-1/2

[Event "BPB Limburg open C"]
[Site "Maastricht"]
[Date "2014.06.08"]
[Round "5"]
[White "Van Ginneken, Maikel"]
[Black "Dubbeldam, Mathijs"]
[Result "1-0"]
[WhiteElo "1453"]
[BlackElo "1350"]
[PlyCount "57"]
[EventDate "2014.06.06"]
[EventType "swiss"]
[EventRounds "7"]
[EventCountry "NED"]
[Source "P.Boonen"]
[SourceDate "2014.10.10"]

1. d4 e6 2. c4 b6 3. Nc3 Bb7 4. Bf4 Bb4 5. Qc2 f5 6. a3 Bxc3+ 7. Qxc3 Nf6 8.
Nf3 Ne4 9. Qc1 O-O 10. e3 d6 11. Be2 Nd7 12. O-O Qe7 13. h4 Ndf6 14. Bg5 Nxg5
15. Nxg5 h6 16. Nh3 Ne4 17. Nf4 Qf6 18. d5 exd5 19. cxd5 Rfc8 20. g3 g5 21. Nh5
Qg6 22. g4 fxg4 23. Bxg4 gxh4 24. Kh2 Qxg4 25. Rg1 Ng3 26. Nf6+ Kf7 27. Nxg4
Ne2 28. Nxh6+ Kf6 29. Qc2 1-0

[Event "BPB Limburg open C"]
[Site "Maastricht"]
[Date "2014.06.08"]
[Round "5"]
[White "Van Roon, Sjoerd"]
[Black "Brunner, Karg"]
[Result "1-0"]
[WhiteElo "1646"]
[BlackElo "1683"]
[PlyCount "59"]
[EventDate "2014.06.06"]
[EventType "swiss"]
[EventRounds "7"]
[EventCountry "NED"]
[Source "P.Boonen"]
[SourceDate "2014.10.10"]

1. e4 d5 2. exd5 Qxd5 3. Nc3 Qa5 4. d4 c6 5. Nf3 Bg4 6. Bc4 Nf6 7. h3 Bxf3 8.
Qxf3 Nbd7 9. O-O Nb6 10. Bb3 Nbd5 11. Nxd5 Nxd5 12. c4 Nf6 13. Rd1 e6 14. a3
Be7 15. Bc2 Qc7 16. b4 h6 17. Bb2 h5 18. Ba4 O-O-O 19. d5 c5 20. bxc5 Bxc5 21.
Rab1 Rh6 22. Bc1 Ng4 23. hxg4 Rf6 24. Qe2 hxg4 25. Be3 Rh8 26. d6 Qd8 27. Bxc5
Rfh6 28. d7+ Kb8 29. Rxb7+ Kxb7 30. Qe4+ 1-0

[Event "BPB Limburg open C"]
[Site "Maastricht"]
[Date "2014.06.08"]
[Round "5"]
[White "Van Rossum, Pia"]
[Black "Jedamczik, Kai"]
[Result "1/2-1/2"]
[WhiteElo "1657"]
[BlackElo "1492"]
[PlyCount "49"]
[EventDate "2014.06.06"]
[EventType "swiss"]
[EventRounds "7"]
[EventCountry "NED"]
[Source "P.Boonen"]
[SourceDate "2014.10.10"]

1. Nf3 d5 2. d4 g6 3. Bf4 Bg7 4. e3 Nf6 5. Bd3 Nbd7 6. O-O c5 7. c3 c4 8. Bc2
O-O 9. Nbd2 b5 10. Ne5 Nxe5 11. Bxe5 Bg4 12. f3 Bd7 13. f4 Qc8 14. Qe1 Bf5 15.
e4 dxe4 16. Bxe4 Bxe4 17. Bxf6 Bxg2 18. Bxg7 Bxf1 19. Bxf8 Bd3 20. Bxe7 Qg4+
21. Qg3 Qe2 22. Qg2 Qe3+ 23. Kh1 Re8 24. Bd6 Be2 25. Qc6 1/2-1/2

[Event "BPB Limburg open C"]
[Site "Maastricht"]
[Date "2014.06.08"]
[Round "5"]
[White "Van Stiphout, Sophie"]
[Black "Koolen, Tom"]
[Result "1-0"]
[WhiteElo "1086"]
[BlackElo "1000"]
[PlyCount "41"]
[EventDate "2014.06.06"]
[EventType "swiss"]
[EventRounds "7"]
[EventCountry "NED"]
[Source "P.Boonen"]
[SourceDate "2014.10.10"]

1. e4 d5 2. exd5 Nf6 3. c4 e6 4. dxe6 Bxe6 5. Nf3 Qe7 6. Qe2 Nbd7 7. Nd4 O-O-O
8. Nxe6 fxe6 9. g3 Re8 10. Bg2 c6 11. O-O Qd6 12. Nc3 g6 13. Qe3 Kb8 14. d4 Nb6
15. c5 Nc4 16. cxd6 Nxe3 17. fxe3 Ng4 18. h3 Nf6 19. Rxf6 Bxd6 20. Ne4 Bb4 21.
a3 1-0

[Event "BPB Limburg open C"]
[Site "Maastricht"]
[Date "2014.06.08"]
[Round "5"]
[White "Van Wijnendaele, Jovanni"]
[Black "Schlepuetz, Volker"]
[Result "1-0"]
[WhiteElo "1654"]
[BlackElo "1437"]
[PlyCount "71"]
[EventDate "2014.06.06"]
[EventType "swiss"]
[EventRounds "7"]
[EventCountry "NED"]
[Source "P.Boonen"]
[SourceDate "2014.10.10"]

1. d4 Nf6 2. Nf3 e6 3. Bg5 c5 4. c3 cxd4 5. cxd4 Bb4+ 6. Bd2 Qa5 7. Nc3 O-O 8.
e3 d5 9. Bd3 Nc6 10. a3 Bxc3 11. Bxc3 Qb6 12. b4 Bd7 13. Ne5 Nxe5 14. dxe5 Ne8
15. O-O Qd8 16. Bd4 b6 17. f4 Nc7 18. a4 Rc8 19. b5 Ne8 20. Qh5 g6 21. Qh6 f5
22. Rf3 Qe7 23. Rh3 Qg7 24. Qg5 Nc7 25. Bb2 Rf7 26. Ba3 d4 27. exd4 Nd5 28. Bb1
Nc3 29. Bb2 Nxb1 30. Rxb1 Rc4 31. Ba3 Rc8 32. Bd6 Re8 33. Rc1 Bc8 34. Rhc3 Bb7
35. Rc7 Be4 36. Rxf7 1-0

[Event "BPB Limburg open C"]
[Site "Maastricht"]
[Date "2014.06.08"]
[Round "5"]
[White "Vercruyssen, Tim"]
[Black "Parren, Ashley"]
[Result "0-1"]
[WhiteElo "1118"]
[BlackElo "1405"]
[PlyCount "76"]
[EventDate "2014.06.06"]
[EventType "swiss"]
[EventRounds "7"]
[EventCountry "NED"]
[Source "P.Boonen"]
[SourceDate "2014.10.10"]

1. d4 d5 2. Nf3 Nf6 3. e3 Bf5 4. b3 e6 5. Bb2 Bd6 6. Ne5 O-O 7. Bd3 Bxe5 8.
dxe5 Ne4 9. O-O Qg5 10. f3 Qxe3+ 11. Kh1 Nf2+ 12. Rxf2 Qxf2 13. Nd2 Bxd3 14.
cxd3 Nc6 15. a3 Qb6 16. f4 Nd4 17. Rc1 Nf5 18. Nf3 c6 19. d4 Rac8 20. Qc2 Rc7
21. g4 Ne3 22. Qd3 Nxg4 23. Rc2 Nh6 24. Ng5 Nf5 25. Qh3 h6 26. Nf3 Qxb3 27. Rg2
c5 28. Qg4 g6 29. Bc1 cxd4 30. Bd2 Rc2 31. Nh4 h5 32. Qg5 Nxh4 33. Qxh4 Qf3 34.
Qe1 Qe4 35. Qd1 Rfc8 36. Kg1 d3 37. Qxh5 Rxd2 38. Rxd2 gxh5 0-1

[Event "BPB Limburg open C"]
[Site "Maastricht"]
[Date "2014.06.08"]
[Round "5"]
[White "Weerts, Rene"]
[Black "Biot, Thomas"]
[Result "0-1"]
[WhiteElo "1635"]
[BlackElo "1570"]
[PlyCount "64"]
[EventDate "2014.06.06"]
[EventType "swiss"]
[EventRounds "7"]
[EventCountry "NED"]
[Source "P.Boonen"]
[SourceDate "2014.10.10"]

1. d4 Nf6 2. Nf3 g6 3. c3 b6 4. Bf4 Ba6 5. Nbd2 d5 6. Ne5 c6 7. Nd3 Bg7 8. Bxb8
Qxb8 9. Qa4 Bb7 10. Ne5 Qc7 11. e3 O-O 12. Ba6 Bxa6 13. Qxa6 Ne8 14. Ndf3 f6
15. Nd3 Nd6 16. O-O Rae8 17. a4 e5 18. Nb4 Nc4 19. e4 exd4 20. exd5 Nxb2 21.
Nxc6 dxc3 22. Rfc1 f5 23. Nfd4 Re4 24. Nb5 Qf4 25. d6 Rxa4 26. Qb7 Nd3 27. Ne7+
Kh8 28. Qf3 Rxa1 29. Nxg6+ hxg6 30. Qh3+ Kg8 31. Rxa1 Qxf2+ 32. Kh1 Qb2 0-1

[Event "BPB Limburg open C"]
[Site "Maastricht"]
[Date "2014.06.08"]
[Round "5"]
[White "Welling, Sophie"]
[Black "Van Dael, Siem"]
[Result "1-0"]
[WhiteElo "1633"]
[BlackElo "1587"]
[PlyCount "69"]
[EventDate "2014.06.06"]
[EventType "swiss"]
[EventRounds "7"]
[EventCountry "NED"]
[Source "P.Boonen"]
[SourceDate "2014.10.10"]

1. d4 d5 2. c4 e6 3. e3 c5 4. Nf3 Nc6 5. a3 Nf6 6. dxc5 Bxc5 7. b4 Bb6 8. c5
Bc7 9. Bb2 a6 10. Be2 e5 11. O-O Qe7 12. Nc3 e4 13. Ne1 Be6 14. f4 Rd8 15. Nc2
Qd7 16. Nd4 Bg4 17. Nxc6 bxc6 18. Na4 h6 19. Bd4 Rg8 20. Bxf6 gxf6 21. Bxg4
Rxg4 22. Qe2 Ke7 23. Qxa6 Rdg8 24. Rf2 h5 25. Nb6 Bxb6 26. cxb6 Rxg2+ 27. Rxg2
Rxg2+ 28. Kxg2 Qg4+ 29. Kf1 Qf3+ 30. Ke1 Qxe3+ 31. Qe2 Qc3+ 32. Kf2 Qd4+ 33.
Qe3 Qb2+ 34. Qe2 Qd4+ 35. Kg2 1-0

[Event "BPB Limburg open C"]
[Site "Maastricht"]
[Date "2014.06.08"]
[Round "5"]
[White "Weynjes, Tim"]
[Black "Welling, Ella"]
[Result "1-0"]
[WhiteElo "1000"]
[BlackElo "1000"]
[PlyCount "87"]
[EventDate "2014.06.06"]
[EventType "swiss"]
[EventRounds "7"]
[EventCountry "NED"]
[Source "P.Boonen"]
[SourceDate "2014.10.10"]

1. e4 b6 2. Nc3 Bb7 3. Bc4 e6 4. Nf3 Nc6 5. d4 Bb4 6. d5 exd5 7. exd5 Bxc3+ 8.
bxc3 Nce7 9. O-O Nf5 10. Qd3 Nge7 11. Re1 Nd6 12. Bb3 O-O 13. Bg5 f6 14. Bh4 c6
15. c4 Ba6 16. dxc6 dxc6 17. Bg3 Nef5 18. c5+ Nc4 19. Bxc4+ Bxc4 20. Qxc4+ Qd5
21. Qxd5+ cxd5 22. c6 Rac8 23. c7 Nxg3 24. fxg3 Rxc7 25. Nd4 Rc4 26. Ne6 Re8
27. Nxg7 Rxe1+ 28. Rxe1 Kxg7 29. Re7+ Kg6 30. h4 h5 31. Kh2 Rxc2 32. Kh3 d4 33.
Rd7 Rd2 34. g4 hxg4+ 35. Kxg4 Rxg2+ 36. Kf3 Rxa2 37. Rxd4 a5 38. Kg4 f5+ 39.
Kf4 Rh2 40. Kg3 Rc2 41. Rd6+ Kh5 42. Rd7 a4 43. Kf4 Kxh4 44. Rh7# 1-0

[Event "BPB Limburg open C"]
[Site "Maastricht"]
[Date "2014.06.08"]
[Round "5"]
[White "Widlak, Marc"]
[Black "Uiterwijk, Jos"]
[Result "0-1"]
[WhiteElo "1391"]
[BlackElo "1606"]
[PlyCount "40"]
[EventDate "2014.06.06"]
[EventType "swiss"]
[EventRounds "7"]
[EventCountry "NED"]
[Source "P.Boonen"]
[SourceDate "2014.10.10"]

1. d4 d5 2. c4 e6 3. Nc3 Nf6 4. Nf3 Bb4 5. Bd2 O-O 6. e3 Nc6 7. Bd3 dxc4 8.
Bxc4 Bxc3 9. Bxc3 Ne4 10. O-O Nxc3 11. bxc3 a6 12. Qc2 b5 13. Bd3 g6 14. e4 Bb7
15. h4 Qf6 16. e5 Qf4 17. Be4 Nxd4 18. Qd2 Nxf3+ 19. Bxf3 Qxd2 20. Bxb7 Ra7 0-1

[Event "BPB Limburg open C"]
[Site "Maastricht"]
[Date "2014.06.08"]
[Round "5"]
[White "Winand, Michael"]
[Black "Vandevelde, Luc"]
[Result "1-0"]
[WhiteElo "1669"]
[BlackElo "1534"]
[PlyCount "95"]
[EventDate "2014.06.06"]
[EventType "swiss"]
[EventRounds "7"]
[EventCountry "NED"]
[Source "P.Boonen"]
[SourceDate "2014.10.10"]

1. e4 d6 2. d4 Nf6 3. Bd3 e5 4. c3 d5 5. dxe5 Nxe4 6. Nf3 Be7 7. Bxe4 dxe4 8.
Qa4+ Qd7 9. Qxe4 Qg4 10. Qxg4 Bxg4 11. Nbd2 Nc6 12. O-O O-O-O 13. Re1 Rd7 14.
h3 Be6 15. Ne4 h6 16. Bf4 Rhd8 17. b4 g5 18. Be3 Bf5 19. Bc5 Bxe4 20. Bxe7 Nxe7
21. Rxe4 Rd1+ 22. Re1 Rxa1 23. Rxa1 Nd5 24. Rc1 Nf4 25. Kf1 Rd3 26. Nd4 Rd2 27.
Nf5 h5 28. Nh6 Rxa2 29. Rd1 Rc2 30. Nxf7 Ne6 31. Rd3 Rc1+ 32. Ke2 Nf4+ 33. Kd2
Nxd3 34. Kxd3 Rg1 35. Nxg5 Rxg2 36. f4 h4 37. Ne4 b6 38. b5 c5 39. Ke3 Kd7 40.
f5 Ke7 41. Kf4 Rg1 42. e6 Re1 43. Ke5 Kf8 44. f6 Ke8 45. Kf5 Rf1+ 46. Kg5 Re1
47. Nd6+ Kf8 48. e7+ 1-0

[Event "BPB Limburg open C"]
[Site "Maastricht"]
[Date "2014.06.08"]
[Round "5"]
[White "Woyave, Pascal"]
[Black "Mitran, Marie"]
[Result "1/2-1/2"]
[WhiteElo "1603"]
[BlackElo "1466"]
[PlyCount "82"]
[EventDate "2014.06.06"]
[EventType "swiss"]
[EventRounds "7"]
[EventCountry "NED"]
[Source "P.Boonen"]
[SourceDate "2014.10.10"]

1. c4 c5 2. g3 Nc6 3. Bg2 g6 4. Nc3 Bg7 5. Nf3 Nf6 6. O-O d5 7. cxd5 Nxd5 8.
Nxd5 Qxd5 9. d3 O-O 10. Nd2 Qd8 11. Nb3 Qd6 12. Rb1 Be6 13. Bf4 Bxb3 14. Qxb3
Qd7 15. Qd5 Qxd5 16. Bxd5 Rac8 17. Rfe1 b6 18. Bd2 e6 19. Bg2 f5 20. b4 Nxb4
21. Bxb4 cxb4 22. e4 Bc3 23. Re2 Rfd8 24. exf5 exf5 25. Re7 a5 26. Bb7 Rc5 27.
Ba6 b5 28. Rb7 Rxd3 29. Bxb5 Rd2 30. Ba4 Bd4 31. Bb3+ Kh8 32. Rb8+ Kg7 33. Rb7+
Kh6 34. Bg8 Bg7 35. h4 Rdc2 36. Ra7 Rc1+ 37. Rxc1 Rxc1+ 38. Kg2 Rc8 39. Bb3 Rc5
40. Bg8 Rc8 41. Bb3 Rc5 1/2-1/2

[Event "BPB Limburg open C"]
[Site "Maastricht"]
[Date "2014.06.09"]
[Round "6"]
[White "Allaart, Jesse"]
[Black "Van Dijk, Simon"]
[Result "1-0"]
[WhiteElo "1101"]
[BlackElo "1347"]
[PlyCount "43"]
[EventDate "2014.06.06"]
[EventType "swiss"]
[EventRounds "7"]
[EventCountry "NED"]
[Source "P.Boonen"]
[SourceDate "2014.10.10"]

1. e4 e5 2. Nf3 Nf6 3. Bc4 Bc5 4. Nxe5 O-O 5. d4 d5 6. Bb3 Be7 7. O-O dxe4 8.
f3 c5 9. fxe4 cxd4 10. Nf3 Nxe4 11. Re1 Bf5 12. Nbd2 Nc5 13. Qe2 Nc6 14. Ne5
Bf6 15. Nxf7 Rxf7 16. Bxf7+ Kxf7 17. Qh5+ g6 18. Qxh7+ Bg7 19. Nf3 Qd6 20. Bh6
Qf6 21. Ng5+ Kf8 22. Qh8# 1-0

[Event "BPB Limburg open C"]
[Site "Maastricht"]
[Date "2014.06.09"]
[Round "6"]
[White "Bauchmueller, Heinrich"]
[Black "Weynjes, Tim"]
[Result "1-0"]
[WhiteElo "1348"]
[BlackElo "1000"]
[PlyCount "115"]
[EventDate "2014.06.06"]
[EventType "swiss"]
[EventRounds "7"]
[EventCountry "NED"]
[Source "P.Boonen"]
[SourceDate "2014.10.10"]

1. c4 e5 2. Nc3 Nf6 3. g3 Bc5 4. Bg2 d6 5. Nf3 Be6 6. d3 Nc6 7. O-O O-O 8. a3
d5 9. cxd5 Bxd5 10. Nxd5 Qxd5 11. Nh4 Qd4 12. Be3 Qd6 13. Bxc5 Qxc5 14. Rc1 Qb6
15. Bxc6 bxc6 16. Qc2 Rac8 17. Nf5 c5 18. Ne7+ Kh8 19. Nxc8 Rxc8 20. Rb1 a5 21.
Rfc1 Nd7 22. Qc4 Rf8 23. Qd5 Qe6 24. Qxe6 fxe6 25. Rc4 Rb8 26. b4 a4 27. b5 c6
28. Rxa4 cxb5 29. Ra7 Nf6 30. Re7 b4 31. axb4 cxb4 32. Rxe6 Nd7 33. Rxb4 Rg8
34. Re7 Rd8 35. Rb7 Nc5 36. Ra7 Nb3 37. Rxg7 Ra8 38. Rxh7+ Kg8 39. Rag7+ Kf8
40. Rh8+ Kxg7 41. Rxa8 Nd4 42. e3 Nf3+ 43. Kg2 Ne1+ 44. Kh3 Nxd3 45. f3 Nf2+
46. Kh4 Nd3 47. Kg5 Nf2 48. Kf5 Nd1 49. Ra3 Nb2 50. Ra7+ Kh6 51. Kxe5 Nc4+ 52.
Kf4 Nb6 53. Ra6 Kg7 54. Rxb6 Kf7 55. Kg5 Ke7 56. h4 Kf7 57. h5 Kg7 58. e4 1-0

[Event "BPB Limburg open C"]
[Site "Maastricht"]
[Date "2014.06.09"]
[Round "6"]
[White "Beusen, Frank"]
[Black "Lammes, Pim"]
[Result "1/2-1/2"]
[WhiteElo "1433"]
[BlackElo "1636"]
[PlyCount "70"]
[EventDate "2014.06.06"]
[EventType "swiss"]
[EventRounds "7"]
[EventCountry "NED"]
[Source "P.Boonen"]
[SourceDate "2014.10.10"]

1. d4 d5 2. c4 e6 3. Nf3 Nc6 4. e3 Nf6 5. Nc3 Bb4 6. Qc2 Bd7 7. Bd3 Ne7 8. Bd2
c6 9. a3 Ba5 10. b4 Bc7 11. c5 a6 12. O-O Ng6 13. e4 dxe4 14. Nxe4 Nxe4 15.
Bxe4 O-O 16. g3 Qe7 17. Bg5 Qe8 18. Bc1 h6 19. Bb2 Rd8 20. Qc3 f6 21. Rad1 Qf7
22. Bxg6 Qxg6 23. Qd3 Qxd3 24. Rxd3 Bc8 25. Rfd1 Rd5 26. Ne1 Rfd8 27. f4 Bd7
28. Nc2 Be8 29. Ne3 R5d7 30. Kf2 Bg6 31. R3d2 Be4 32. Nc2 Bxc2 33. Rxc2 e5 34.
fxe5 fxe5 35. Rcd2 exd4 1/2-1/2

[Event "BPB Limburg open C"]
[Site "Maastricht"]
[Date "2014.06.09"]
[Round "6"]
[White "Biot, Thomas"]
[Black "Van Foreest, Pieter"]
[Result "0-1"]
[WhiteElo "1570"]
[BlackElo "1657"]
[PlyCount "106"]
[EventDate "2014.06.06"]
[EventType "swiss"]
[EventRounds "7"]
[EventCountry "NED"]
[Source "P.Boonen"]
[SourceDate "2014.10.10"]

1. g3 Nc6 2. d4 d5 3. Bg2 e6 4. Nf3 Bd6 5. b3 Nge7 6. O-O O-O 7. c4 b6 8. Bb2
Ba6 9. Nbd2 Bb4 10. a3 Bxd2 11. Nxd2 Bb7 12. Re1 dxc4 13. bxc4 Na5 14. e4 f5
15. d5 fxe4 16. Qg4 Ng6 17. Qxe6+ Kh8 18. Bxe4 Bc8 19. Rad1 Bxe6 20. dxe6 Rb8
21. Bxg6 Qe7 22. Ne4 Rbd8 23. Rxd8 Rxd8 24. Ng5 hxg6 25. Nf7+ Kg8 26. Nxd8 Qxd8
27. Bc1 Nxc4 28. e7 Qe8 29. Bg5 Nd6 30. Rc1 Qd7 31. Rc3 Ne4 32. Rd3 Nd6 33. Rf3
Ne8 34. Rf8+ Kh7 35. h4 c5 36. Kg2 c4 37. Rf4 c3 38. Re4 Qc6 39. f3 c2 40. Re1
Qc3 41. Rc1 Qc4 42. g4 Qa4 43. Kg3 Nf6 44. Re1 Qe8 45. Re2 Qb8+ 46. Kh3 Qc8 47.
Bxf6 c1=Q 48. e8=Q Qxe8 49. Rxe8 gxf6 50. Re7+ Kg8 51. Rxa7 Qf1+ 52. Kg3 Qe1+
53. Kh3 Qf2 0-1

[Event "BPB Limburg open C"]
[Site "Maastricht"]
[Date "2014.06.09"]
[Round "6"]
[White "Boesmans, Peter"]
[Black "De Coninck, Erik"]
[Result "0-1"]
[WhiteElo "1390"]
[BlackElo "1628"]
[PlyCount "58"]
[EventDate "2014.06.06"]
[EventType "swiss"]
[EventRounds "7"]
[EventCountry "NED"]
[Source "P.Boonen"]
[SourceDate "2014.10.10"]

1. e4 e6 2. Nc3 d5 3. exd5 exd5 4. d4 Bd6 5. Nxd5 Bxh2 6. Qe2+ Be6 7. Rxh2 Qxd5
8. Qb5+ Qxb5 9. Bxb5+ c6 10. Ba4 Nf6 11. Bg5 Nd5 12. Bb3 Nb4 13. Bd2 Bxb3 14.
Bxb4 Bxc2 15. Rh3 Bf5 16. Re3+ Be6 17. O-O-O Na6 18. Ba3 O-O-O 19. Kb1 Nc7 20.
Rd2 Nb5 21. Nf3 Rd7 22. Ka1 Rhd8 23. Re4 Bd5 24. Re7 Bxf3 25. Rxd7 Rxd7 26.
gxf3 Rxd4 27. Rxd4 Nxd4 28. Bc5 Nxf3 29. Bxa7 h5 0-1

[Event "BPB Limburg open C"]
[Site "Maastricht"]
[Date "2014.06.09"]
[Round "6"]
[White "Bratuszewski, Jorden"]
[Black "Loutragotis, Paraske"]
[Result "1/2-1/2"]
[WhiteElo "1672"]
[BlackElo "1570"]
[PlyCount "111"]
[EventDate "2014.06.06"]
[EventType "swiss"]
[EventRounds "7"]
[EventCountry "NED"]
[Source "P.Boonen"]
[SourceDate "2014.10.10"]

1. c4 e5 2. Nc3 Nc6 3. g3 g6 4. Bg2 Nge7 5. d3 h5 6. Rb1 Bg7 7. Bd2 f5 8. b4 d6
9. b5 Nd4 10. e3 Ne6 11. a4 Nc5 12. Bc1 e4 13. d4 Nd3+ 14. Kf1 Be6 15. Qb3 O-O
16. Nge2 g5 17. Kg1 Ng6 18. Bd2 Qe7 19. Nc1 Nxc1 20. Rxc1 Qf7 21. Ne2 c6 22.
bxc6 bxc6 23. h3 Rab8 24. Qc2 Rb7 25. Kh2 Rfb8 26. Rhd1 Rb2 27. Qc3 R8b3 28.
Qa5 Bxc4 29. Bf1 d5 30. Ng1 f4 31. Bxc4 fxg3+ 32. fxg3 Qf2+ 33. Kh1 dxc4 34.
Rxc4 Rxe3 35. Rxc6 Rxg3 36. Qd5+ Kh7 37. Qxe4 Qf7 38. d5 Rb6 39. Rdc1 Rxc6 40.
Rxc6 Be5 41. Rxg6 Qxg6 42. Qxe5 Rd3 43. Bc3 Kg8 44. Bd4 g4 45. hxg4 Rd1 46.
Bxa7 Qxg4 47. Qe6+ Qxe6 48. dxe6 Re1 49. a5 Rxe6 50. Bb6 Kf8 51. Nf3 Ke8 52.
Nd4 Re1+ 53. Kg2 Ra1 54. Nb3 Ra2+ 55. Kf1 Kd7 56. Nc5+ 1/2-1/2